MDQL
is popping MORE tags! Check the
thread
!
Quizzes
Events
Quiz Creation
Community
Videos
Private Events
Remove Ads
Sign In
Join for FREE
Feedback
Dark Mode
Quiz Categories
Sports
Geography
Music
Movies
Television
Just For Fun
Miscellaneous
History
Literature
Language
Science
Gaming
Entertainment
Religion
Holiday
For Kids
Quiz Lab
Recent
Popular Today
Quiz Kudos Today
Editor Picks
Curator Picks
Quizzes by...
Day
Popularity
Type
Ratings
Length
Year
Community
Subscriptions
Recent Discussions
Orange Saloon
Badges
Playlists
Quests
Create
Leaderboards
Showdown
Live 5
Trivia Bingo
Activity
Puzzle Library
Sporcle Events
Private Events
Virtual Trivia
Globe League
Become a Host
Pub Owners
SporcleCon
Opinionation
Our Games
Videos
Blog
Mobile Apps
Partnerships
Remove Ads and Go Orange
Feedback
Science
Computer
Plants
Astronomy
Chemistry
Elements
Math
Animal
Physics
Anatomy
Biology
Geology
General Science
Science
Computer
Plants
Astronomy
Chemistry
Elements
Math
Animal
Physics
Anatomy
Biology
Geology
General Science
Random Quiz
Search Sporcle
×
Quiz Lab
Quiz Lab
Science
Anatomy
Type in answers that appear in a list
Type in answers that appear in a list
Classic
Best Score? Go Orange.
Typing Challenge: Muscles of the Arm Stats
Practice. It's good for you!
By
Charzee
2m
29 Questions
288 Plays
288 Plays
288 Plays
Comments
Comments
Give Quiz Kudos
Give Quiz Kudos
-
- Ratings
hide this ad
More Info
Forced Order
Answers have to be entered in order
Answers have to be entered in order
Replay
Link that replays current quiz
Next Quiz
Link to next quiz in quiz playlist
You Got
0%
They Got
Avg Score
84%
Avg Friend Score
Upgrade to see
Score Distribution
Jump to the score distribution portion of the page
Score
0/29
Timer
02:00
0
Plays Today
Muscle name
Answer
% Correct
abductor pollicis
abductor pollicis
99.2%
biceps brachii
biceps brachii
95.7%
abductor pollicis brevis
abductor pollicis brevis
95.7%
anconeus
anconeus
95.7%
deltoid
deltoid
95.3%
brachialis
brachialis
95.3%
brachioradialis
brachioradialis
95.3%
extensor carpi radialis
extensor carpi radialis
94.9%
abductor pollicis longus
abductor pollicis longus
94.9%
coracobrachialis
coracobrachialis
94.9%
extensor carpi radialis brevis
extensor carpi radialis brevis
93.3%
extensor carpi radialis longus
extensor carpi radialis longus
92.5%
extensor carpi ulnaris
extensor carpi ulnaris
92.5%
extensor digiti minimi
extensor digiti minimi
92.1%
extensor digitorum communis
extensor digitorum communis
90.5%
Muscle name
Answer
% Correct
extensor indicis proprius
extensor indicis proprius
88.5%
extensor pollicis brevis
extensor pollicis brevis
87%
flexor digitorum profundus
flexor digitorum profundus
85.8%
flexor carpi ulnaris
flexor carpi ulnaris
85.4%
flexor digitorum sublimis
flexor digitorum sublimis
83.8%
flexor digitorum superficialis
flexor digitorum superficialis
80.6%
flexor carpi radialis
flexor carpi radialis
77.1%
flexor digitorum superficialis
flexor digitorum superficialis
72.7%
flexor pollicis longus
flexor pollicis longus
69.2%
palmaris longus
palmaris longus
64%
pronator quadratus
pronator quadratus
61.3%
pronator teres
pronator teres
58.9%
supinator
supinator
57.3%
triceps brachii
triceps brachii
51%
Quiz Playlist
Details
Report
Send in Message
Add To Playlist
More Info:
Source: Taber's Cyclopedic Medical Dictionary, 18th edition, 1997
Classic:
Type in answers that appear in a list
Forced Order:
Answers have to be entered in order
Last Updated: Aug 20, 2017
Quiz Scoreboard
CHALLENGE
Sign Up to Join the Scoreboard
Show All
Scores
Hide
Comments
May contain spoilers
Recently Published
1-10 Letter E Words III
by El_Dandy
Language
2m
Street Fighter Characters
by Artimus82
Gaming
60s
College Basketball Coaching Resumes
by pancakes188
Sports
9m
More to Explore
Quiz From the Vault
Featured Blog Post
Where Did the Easter Bunny Come From?
hide this ad
You Might Also Like...
Tags
Anatomy Quiz
Typing Quiz
2 Minutes
muscle
Today's Top Quizzes in Science
Browse Science
hide this ad
Today's Top Quizzes in Anatomy
Browse Anatomy
Top Contributed Quizzes in Science
1
Quick Pick: Radians
2
The First 100 Digits of Pi
3
Quick Pick: 'CI-CJ' Animals
4
Elements In Images
5
perfect squares 1-25
6
One Thing in Common: Science
7
One Thing in Common: Science II
8
One Thing in Common: Animals
9
One Thing in Common: Science III
10
Order Up: Organs and Body Systems
Explore More
Trending Topics
Kpop
Anime
NBA
Crossword
Disney
Harry Potter
Marvel
Country
Pokémon
Song
The Office
NFL
Puzzle
Soccer
WWE
hide this ad
More By:
Charzee
Quiz
Plays
Rating
Category
Featured
Created
Eateries 9 to 1
4,434
3.71
Miscellaneous
Apr 27, 2018
One-Word Novels Typing Blitz
4,200
4.32
Literature
Jul 5, 2020
Scooby Doo Missing Word
1,726
4.54
Entertainment
Feb 9, 2020
Well-known American Women 9 to 1, Round 1
1,432
4.80
History
Jul 6, 2018
1970s TV Series by Fives
1,358
4.40
Television
Apr 30, 2018
Go to Creator's Profile
Score Distribution
Quiz Creator Spotlight
Charzee
Follow
Send a Message
Quizzes Created
-
Created Quiz Play Count
-
More By This Creator
Popular Quizzes Today
1
Find the US States - No Outlines Minefield
2
Find the Countries of Europe - No Outlines Minefield
3
The Countries of the World
4
Find the US States
5
Risky Map Clicking: Biggest States A-Z
6
US States
7
Popular People in 1961
8
Movies - When Are They Set?
More Science Quizzes
Make The Periodic Table by Symbol - Minefield
Quiz Lab
Trending Quizzes
Risky Map Clicking: Least Populous States A-Z
USA Borders Longest to Shortest
1-10 Letter G Words
1-10 Letter F Words
Countries of the World: 200 Million BC
Recently Updated
Leaping Animals
pecheneg
Reality TV Shows (A-Z)
bhenderson79
Rickey Henderson's Hall of Fame Teammates
pecheneg
Champions League XIs: Arsenal
pecheneg
Quick Pick: Celebrities in WWE's Hall of Fame
aduchscher
A-Z Keypad Blitz II
pecheneg
Multiple Oscar Actors
pecheneg
Mystery Phrase Blitz: Oscar 'Best Actors'
pecheneg
F. Scott Fitzgerald Novels
LTH
Pick 3 Villains
ddd62291
Trending Topics
NBA
Kpop
Disney
Marvel
Anime
Harry Potter
Crossword
WWE
Puzzle
Song
Country
NFL
The Office
Pokémon
Soccer
Your Account Isn't Verified!
In order to create a playlist on Sporcle, you need to verify the email address you used during registration. Go to your
Sporcle Settings
to finish the process.
Report this User
Report this user for behavior that violates our
Community Guidelines
.
Details:
Send Report
Go to the Sporcle.com Mobile Site →
Comments